000 00831nam a2200265 i 4500
001 14775
003 ES-MaACL
005 20250828062824.0
007 t|
008 990603s1975 sp ||||1| spa d
020 _a84-7118-119-3
080 _a342.733
080 _a342.733(460):28
100 1 _aRiestra, José Antonio.
_997165
245 1 3 _aLa libertad de enseñanza
_b: la familia y la educación, el estado y la educación /
_cJosé Antonio Riestra.
250 _a3ª ed.
260 _aMadrid :
_bEdiciones Palabra,
_c[1975]
300 _a154 p. ;
_c18 cm.
490 1 _aCuadernos Palabra ;
_v42
650 1 4 _aLibertad de enseñanza.
_914404
650 1 7 _aIglesia y educación
_2embne
_913553
830 0 _aCuadernos Palabra ;
_v42
_9181500
852 _aES-MaACL
_jL-21967
_bR.111997
999 _c14775
_d14775